000 00537cam a22002051 4500
001 af 48002015
003 DLC
005 20260227110853.0
008 890510s1946 gw 000 0 ger c
010 _aaf 48002015
035 _a(OCoLC)19689122
040 _aYale Univ. Library
_cCU
_dDLC
042 _apremarc
050 0 0 _aPT2625.A45
_bW3 1946
082 _a833.91
100 1 _aManns, Alfred,
_d1877-1934.
245 1 4 _aDer Warphof und das Sumpfmoor.
260 _aGütersloh,
_bC. Bertelsmann
_c[1946]
300 _a246 p.
_c19 cm.
999 _c4832
_d4832